000 00487nam a2200193Ia 4500
005 20240823025616.0
008 240823s9999||||xx |||||||||||||| ||und||
020 _a978-81-8489-324-3
041 _aENGLISH
082 _A624.171 P9
100 _aEschenaeur H et al.
245 0 _aApplied Structural Mechanics
250 _a1
260 _c2009
_bSpringer International Ed
500 _aYES
650 _aApplied Structural Mechanics
_bMechanical
942 _cBK
999 _c186723
_d186723